| 000 | 00686cam a22002291 4500 | ||
|---|---|---|---|
| 001 | he 68000526 | ||
| 003 | DLC | ||
| 005 | 20260227111454.0 | ||
| 008 | 840119s1967 is ac 000 0 heb | ||
| 010 | _ahe 68000526 | ||
| 035 | _a(OCoLC)19149797 | ||
| 040 |
_aDLC _cMH _dCU _dDLC |
||
| 042 | _apremarc | ||
| 050 | 0 | 0 |
_aPJ5054.B534 _bR8 |
| 100 | 1 | _aBinietsky, Menachem. | |
| 245 | 1 | 0 |
_aRuaḥ ḳarah min ha-tsafon : _bmi-shire ha-tsafon ṿeha-nedudim. |
| 260 |
_aTel Aviv : _bB. Tsʼeriḳover, _c[1967] |
||
| 300 |
_a60 p. : _bill., port. ; _c22 cm. |
||
| 500 | _aAdded t.p.: A cold wind from the north; poems and drawings. | ||
| 500 | _aVocalized. | ||
| 752 |
_aIsrael _dTel Aviv |
||
| 999 |
_c32955 _d32955 |
||